00444 2200169 4500001002100000008004100021035002000062245006900082100001600151250000600167260004200173300001200215084001400227082000800241650001300249990001200262INLIS000000000000755 ind  a0010-0424000731 aSumber Belajar Sains Kebumian SMA Bagian 2; AtmosfercNurul Huda aHuda, Nurul a1 aJakarta :bBina Prestasi Insanic2018 a144 hlm a550 NUR k a550 aNonfiksi a0739646